ՀՀ Գիտությունների ազգային ակադեմիայի հիմնարար գիտական գրադարան  =   Fundamental Scientific Library of NAS RA

Յուշիկք Հայրենեաց / (Record no. 528801)

MARC details
000 -LEADER
fixed length control field 01405nam a2200265 u 4500
001 - CONTROL NUMBER
control field 1824304
003 - CONTROL NUMBER IDENTIFIER
control field AM-YEHGA
005 - DATE AND TIME OF LATEST TRANSACTION
control field 20250618080126.0
008 - FIXED-LENGTH DATA ELEMENTS--GENERAL INFORMATION
fixed length control field 220317s2021 ai a|||gr|||||||||0|arm|d
020 ## - INTERNATIONAL STANDARD BOOK NUMBER
International Standard Book Number 9789939922799
040 ## - CATALOGING SOURCE
Original cataloging agency AM-YeHGA
041 0# - LANGUAGE CODE
Language code of text/sound track or separate title arm
090 ## - LOCALLY ASSIGNED LC-TYPE CALL NUMBER (OCLC); LOCAL CALL NUMBER (RLIN)
-- 567097
100 1# - MAIN ENTRY--PERSONAL NAME
Personal name Բորոյան, Սմբատ
245 10 - TITLE STATEMENT
Title Յուշիկք Հայրենեաց /
Statement of responsibility, etc. Սմբատ Բորոյան (Մախլուտո) ; Ձեռագիրը տպագրության պատրաստեցին՝ Ս․ Գալստյան (կազմող, առաջաբանի հեղինակ), Տ․ Ղանալանյան (կազմող , ծանոթագրող) ; Սրբագրիչ՝ Բ․ Բարսեղյան ; Հայաստանի պատմության թանգարան.
Remainder of title
260 ## - PUBLICATION, DISTRIBUTION, ETC.
Place of publication, distribution, etc. Երևան :
Name of publisher, distributor, etc. Հայաստանի պատմության թանգարան,
Date of publication, distribution, etc. 2021.
300 ## - PHYSICAL DESCRIPTION
Extent 264 էջ :
Other physical details լուսանկար ;
Dimensions 21 սմ․
600 14 - SUBJECT ADDED ENTRY--PERSONAL NAME
Personal name Բորոյան, Սմբատ (Մախլուտո)
630 04 - SUBJECT ADDED ENTRY--UNIFORM TITLE
Uniform title Հայոց պատմություն
General subdivision Պատմական հուշեր
700 1# - ADDED ENTRY--PERSONAL NAME
Personal name Գալստյան, Սեդա
Relator term կազմող
Relationship com
Relator term առաջաբանի հեղինակ
Relationship aui
700 1# - ADDED ENTRY--PERSONAL NAME
Personal name Ղանալանյան, Տիգրան
Relator term կազմող
Relationship com
Relator term ծանոթագրող
Relationship cmm
700 1# - ADDED ENTRY--PERSONAL NAME
Personal name Բարսեղյան, Բելլա
Relator term սրբագրիչ
Relationship crr
9 (RLIN) 3183
710 2# - ADDED ENTRY--CORPORATE NAME
Corporate name or jurisdiction name as entry element Հայաստանի պատմության թանգարան
942 ## - ADDED ENTRY ELEMENTS (KOHA)
Source of classification or shelving scheme Universal Decimal Classification
Koha item type Գրքեր / Books
Holdings
Withdrawn status Lost status Source of classification or shelving scheme Damaged status Not for loan Collection Home library Current library Date acquired Total checkouts Full call number Barcode Date last seen Price effective from Koha item type Public note
    Universal Decimal Classification     General Fundamental Scientific Library Fundamental Scientific Library 19/10/2023   AII/110825 FL0667985 19/10/2023 19/10/2023 Գրքեր / Books 30 Days Loan


ՀՀ ԳԱԱ հիմնարար գիտական գրադարան
ՀՀ,Երևան 0019
Մարշալ Բաղրամյան 24/6
հեռախոս:(374-10) 52-47-50
Հետադարձ կապ

All site content, except where otherwise noted, is licensed under a
Creative Commons License